Noem de Oostenrijkse steden - Sudden Death - Statistieken

Algemene statistieken
  • Deze quiz is 62 keer genomen
  • De gemiddelde score is 9 van 19
Answers on the Grid
Answers color-coded by a green-red scale on the quiz's grid according to % correct below.
Bratislava
Wels
Eisenstadt
Enns
Rosenheim
Salzburg
Kempten
Sankt Pölten
Wenen Wien
Graz
Klagenfurt
Sankt Gallen
Linz
Villach
Innsbruck
Ried im Innkreis
Steyr
Davos
Meran
Bischofshofen
Maribor
Bregenz
Sopron
Körmend
Amstetten
Melk
Wiener Neustadt
Memmingen
Ravensburg
Dornbirn
 
Antwoordstatistieken
Antwoord % Correct
Salzburg
85%
Innsbruck
83%
Wenen Wien
80%
Graz
78%
Linz
70%
Klagenfurt
67%
Wiener Neustadt
54%
Eisenstadt
46%
Sankt Pölten
46%
Villach
46%
Bregenz
37%
Wels
35%
Ried im Innkreis
33%
Bischofshofen
30%
Enns
28%
Amstetten
26%
Steyr
24%
Melk
17%
Dornbirn
13%
Geen overeenkomende quizzen gevonden
Scoreverdeling
Procent van Mensen met Elke Score
Percentiel versus Aantal Correcte Antwoorden
Uw Scoregeschiedenis
U heeft deze quiz nog niet genomen